| 000 | 00655cam a22001815a 4500 | ||
|---|---|---|---|
| 001 | L156327 | ||
| 008 | 120514s1832 xxk f 000 0 eng d | ||
| 035 | _a(Sirsi) u156327 | ||
| 041 | 0 | _aeng | |
| 110 | 2 |
_aBancks & Co. _96069 |
|
| 245 | 0 | 0 |
_aBancks & Co.'s plan of Manchester & Salford, with their environs _bshewing the division of property and the length of each street _cfrom an actual survey by Richard Thornton,...the survey completed in the year 1831 |
| 260 |
_aManchester _bBancks and Co. _c1832 |
||
| 300 | _a1 map | ||
| 583 |
_aCondition reviewed _c20120620 _lcondition level 3 |
||
| 651 | 4 | _aEngland | |
| 690 |
_aGeomatics _96242 |
||
| 942 | _n0 | ||
| 999 |
_c114184 _d114184 |
||